Sociología del derecho
Furkejuvvon:
| Váldodahkki: | |
|---|---|
| Materiálatiipa: | Girji |
| Giella: | espánnjágiella |
| Almmustuhtton: |
Buenos Aires
EUDEBA
1964
|
| Ráidu: | Cuadernos de EUDEBA, 93
|
| Fáttát: | |
| Fáddágilkorat: |
Lasit fáddágilkoriid
Eai fáddágilkorat, Lasit vuosttaš fáddágilkora!
|
MARC
| LEADER | 00000nam a2200000 a 4500 | ||
|---|---|---|---|
| 001 | UCT8930 | ||
| 003 | CL-VaPUC | ||
| 008 | 970326e19640000AG |||||||||||||||||spa|d | ||
| 082 | 0 | 4 | |a 340.115 |b LEV |2 21 |
| 100 | |a Lévy-Bruhl, Henri |e author |9 402463 | ||
| 245 | 1 | 0 | |a Sociología del derecho |
| 300 | |a 61 p | ||
| 942 | |c BK | ||
| 945 | |d 19970326 00:00:00 |a lriquelm | ||
| 260 | |a Buenos Aires |b EUDEBA |c 1964 | ||
| 650 | 0 | |a Sociología del derecho |9 254890 | |
| 650 | 0 | |a Teoría jurídica |9 345880 | |
| 650 | 7 | |a DERECHO |2 CL-VaPUC |9 381189 | |
| 650 | 0 | |a Fuentes del derecho |9 255162 | |
| 583 | |a last modification |c 19970326 00:00:00 |k Rodrigo Vera | ||
| 490 | 0 | |a Cuadernos de EUDEBA, 93 | |
| 999 | |c 257402 |d 257400 | ||